[Event "Issykkul op-A"]
[Site "Korumdu"]
[Date "2025.06.27"]
[Round "7"]
[White "Kurbanbaev, Zalkar"]
[Black "Kazhmuratov, Altair"]
[Result "1-0"]
[WhiteElo "2119"]
[BlackElo "1956"]
[PlyCount "97"]
[EventDate "2025.06.21"]
[EventType "swiss"]
[EventRounds "9"]
[EventCountry "KGZ"]
[SourceTitle "CB27_2025"]
[SourceDate "2025.07.02"]
[SourceVersion "1"]
[SourceVersionDate "2025.07.02"]
[SourceQuality "1"]

1. e4 c6 2. d4 d5 3. e5 Bf5 4. Nf3 e6 5. Be2 h5 6. Nbd2 Be7 7. Nb3 Nh6 8. 0-0 h4 9. Ne1 Nd7 10. Be3 Bg6 11. f4 Nf5 12. Bf2 a5 13. a4 Qc7 14. Rc1 Nb6 15. Nc5 0-0-0 16. b3 Nd7 17. c3 Nxc5 18. dxc5 f6 19. Nf3 Bh5 20. Nd4 Bxe2 21. Qxe2 Nxd4 22. Bxd4 fxe5 23. fxe5 Bg5 24. Rb1 Rdf8 25. Qg4 Qe7 26. b4 Rxf1+ 27. Rxf1 axb4 28. cxb4 Bd2 29. b5 Bb4 30. bxc6 bxc6 31. Qe2 Qa7 32. Qc2 Rd8 33. Rb1 Ba5 34. Qg6 Qd7 35. Qd3 Qa7 36. h3 Rf8 37. Kh2 Rf5 38. Qe2 Bc7 39. Qg4 Bd8 40. a5 Bg5 41. Kh1 Qa6 42. Bg1 Qxa5 43. Qh5 Qd8 44. Ra1 Qe7 45. Qh8+ Qd8 46. Ra8+ Kd7 47. Ra7+ Kc8 48. Qxg7 Be7 49. Rxe7 1-0

[Event "Issykkul op-A"]
[Site "Korumdu"]
[Date "2025.06.24"]
[Round "4"]
[White "Kazhmuratov, Altair"]
[Black "Karimov, Alisher"]
[Result "1/2-1/2"]
[WhiteElo "1956"]
[BlackElo "2317"]
[PlyCount "91"]
[EventDate "2025.06.21"]
[EventType "swiss"]
[EventRounds "9"]
[EventCountry "KGZ"]
[SourceTitle "CB27_2025"]
[SourceDate "2025.07.02"]
[SourceVersion "1"]
[SourceVersionDate "2025.07.02"]
[SourceQuality "1"]

1. c4 e5 2. g3 Nf6 3. Bg2 c6 4. d4 e4 5. Nc3 Bb4 6. Nh3 0-0 7. 0-0 Re8 8. Qc2 d5 9. cxd5 cxd5 10. Bg5 Bxc3 11. Qxc3 h6 12. Bxf6 Qxf6 13. Nf4 Be6 14. f3 exf3 15. Bxf3 Nc6 16. Rad1 Qg5 17. Nxe6 Rxe6 18. Qb3 Rd8 19. Qxb7 Nxd4 20. Qxa7 Qe3+ 21. Kh1 Nxf3 22. Qxe3 Rxe3 23. exf3 Re2 24. Kg1 Rxb2 25. Rf2 Rb5 26. Rd4 Kf8 27. Re2 Ra5 28. Kf2 Rd7 29. a4 Rc7 30. Rb4 Ra8 31. f4 g6 32. Rd2 Ra5 33. Rb5 Rxa4 34. Rbxd5 Ra1 35. Re5 Rcc1 36. Kg2 Kg7 37. Re7 Rg1+ 38. Kh3 Ra5 39. Kg4 Kf8 40. Red7 Rh5 41. h4 Ra5 42. Rd1 h5+ 43. Kh3 Rxd1 44. Rxd1 Ke7 45. Rd3 Kf6 46. Kg2 1/2-1/2

[Event "Issykkul op-A"]
[Site "Korumdu"]
[Date "2025.06.23"]
[Round "3"]
[White "Ibrayev, Nurlan"]
[Black "Kazhmuratov, Altair"]
[Result "0-1"]
[WhiteElo "2379"]
[BlackElo "1956"]
[PlyCount "37"]
[EventDate "2025.06.21"]
[EventType "swiss"]
[EventRounds "9"]
[EventCountry "KGZ"]
[SourceTitle "CB27_2025"]
[SourceDate "2025.07.02"]
[SourceVersion "1"]
[SourceVersionDate "2025.07.02"]
[SourceQuality "1"]

1. e4 e5 2. Nf3 Nc6 3. Nc3 Nf6 4. d4 exd4 5. Nxd4 Bb4 6. Nxc6 bxc6 7. Bd3 d5 8. exd5 cxd5 9. 0-0 0-0 10. h3 c6 11. Qf3 Re8 12. Bg5 h6 13. Bh4 Bd6 14. Bg3 Qc7 15. Bxd6 Qxd6 16. b3 Bd7 17. Rfd1 Re5 18. Ne2 c5 19. Ng3 0-1

[Event "Almaty zt 3.4"]
[Site "Almaty"]
[Date "2025.04.06"]
[Round "6"]
[White "Petukhov, Alan"]
[Black "Kazhmuratov, Altair"]
[Result "1-0"]
[WhiteElo "2314"]
[BlackElo "2125"]
[PlyCount "85"]
[EventDate "2025.04.02"]
[EventType "swiss"]
[EventRounds "9"]
[EventCountry "KAZ"]
[SourceTitle "CB15_2025"]
[SourceDate "2025.04.09"]
[SourceVersion "1"]
[SourceVersionDate "2025.04.09"]
[SourceQuality "1"]

1. c4 Nf6 2. d4 c5 3. d5 g6 4. g3 e6 5. dxe6 fxe6 6. Bg2 Nc6 7. Nc3 Bg7 8. Bf4 e5 9. Bg5 Nd4 10. Nf3 d6 11. 0-0 h6 12. Bxf6 Bxf6 13. e3 Nf5 14. Nd2 Be7 15. Nd5 0-0 16. a3 Be6 17. Ne4 Rc8 18. Qd3 Rf7 19. Rfd1 Bf8 20. Rd2 Qa5 21. Rc1 Kg7 22. Nec3 a6 23. b4 cxb4 24. axb4 Qd8 25. Ra1 Rc6 26. b5 axb5 27. cxb5 Rc5 28. Na4 Qa5 29. Nxc5 Qxa1+ 30. Rd1 Qxd1+ 31. Qxd1 dxc5 32. Qa1 Bd6 33. Nc3 Rd7 34. b6 Be7 35. Bf3 Kf7 36. Ne4 Bd6 37. Nxd6+ Nxd6 38. Qxe5 c4 39. Bd5 Bxd5 40. Qxd5+ Ke7 41. e4 c3 42. Qe5+ Kd8 43. Qxc3 1-0

[Event "Almaty zt 3.4"]
[Site "Almaty"]
[Date "2025.04.05"]
[Round "5"]
[White "Kazhmuratov, Altair"]
[Black "Zhauynbay, Alimzhan"]
[Result "1/2-1/2"]
[WhiteElo "2125"]
[BlackElo "2019"]
[PlyCount "57"]
[EventDate "2025.04.02"]
[EventType "swiss"]
[EventRounds "9"]
[EventCountry "KAZ"]
[SourceTitle "CB15_2025"]
[SourceDate "2025.04.09"]
[SourceVersion "1"]
[SourceVersionDate "2025.04.09"]
[SourceQuality "1"]

1. e3 Nf6 2. Nf3 g6 3. b3 Bg7 4. Bb2 0-0 5. Be2 c5 6. 0-0 d5 7. c4 Nc6 8. cxd5 Qxd5 9. Nc3 Qf5 10. a3 Rd8 11. Rc1 b6 12. Na4 Bb7 13. Qc2 Qd7 14. Rfd1 Rac8 15. Qb1 Qd5 16. b4 cxb4 17. axb4 Qb3 18. Bxf6 Qxb1 19. Rxb1 Bxf6 20. d4 e6 21. Rdc1 Be7 22. b5 Na5 23. Ne5 Ba3 24. Rd1 Bd5 25. Ra1 Bd6 26. Nd3 Nb3 27. Rab1 Rc2 28. Rb2 Rdc8 29. Bf3 1/2-1/2

[Event "Almaty zt 3.4"]
[Site "Almaty"]
[Date "2025.04.03"]
[Round "2"]
[White "Tulegen, Ramazan"]
[Black "Kazhmuratov, Altair"]
[Result "1-0"]
[WhiteElo "1970"]
[BlackElo "2125"]
[PlyCount "93"]
[EventDate "2025.04.02"]
[EventType "swiss"]
[EventRounds "9"]
[EventCountry "KAZ"]
[SourceTitle "CB15_2025"]
[SourceDate "2025.04.09"]
[SourceVersion "1"]
[SourceVersionDate "2025.04.09"]
[SourceQuality "1"]

1. e4 e6 2. d4 d5 3. e5 c5 4. c3 Nc6 5. Nf3 Qb6 6. Bd3 Nh6 7. 0-0 cxd4 8. cxd4 Nf5 9. Bxf5 exf5 10. Nc3 Be6 11. Ne2 h6 12. h4 Be7 13. Qa4 0-0 14. Rb1 Rfc8 15. Bd2 a6 16. Rfc1 Qd8 17. h5 b5 18. Qb3 Na5 19. Bxa5 Qxa5 20. a3 Rc4 21. Rxc4 bxc4 22. Qe3 Rb8 23. Nc3 f4 24. Qxf4 Rb3 25. Qc1 Bxa3 26. Nd2 Rxc3 27. Qxc3 Bb4 28. Nxc4 dxc4 29. Qc2 Qd5 30. Rd1 a5 31. f3 Bd7 32. Kf2 a4 33. Ke3 f6 34. exf6 Bd6 35. Kf2 Bf5 36. Qxa4 gxf6 37. g4 Bd7 38. Qc2 f5 39. gxf5 Bc6 40. Qc3 Kf7 41. Ra1 Qxf5 42. Ra7+ Kf8 43. Ra6 Qd5 44. Qe3 Qb5 45. Qxh6+ Ke8 46. Qe6+ Be7 47. Qxc6+ 1-0

[Event "World Schools U17"]
[Site "Vrnjacka Banja"]
[Date "2025.03.27"]
[Round "8"]
[White "Kazhmuratov, Altair"]
[Black "Ljepic, Andrej"]
[Result "0-1"]
[WhiteElo "1971"]
[BlackElo "2337"]
[PlyCount "92"]
[EventDate "2025.03.20"]
[EventType "swiss"]
[EventRounds "9"]
[EventCountry "SRB"]
[SourceTitle "CB14_2025"]
[SourceDate "2024.11.01"]
[SourceVersion "1"]
[SourceVersionDate "2024.11.01"]
[SourceQuality "1"]

1. g3 c5 2. Bg2 g6 3. Nf3 Bg7 4. 0-0 Nc6 5. c4 e6 6. Nc3 Nge7 7. Ne4 d6 8. e3 0-0 9. Rb1 b6 10. d4 d5 11. Nc3 cxd4 12. Nxd4 Nxd4 13. exd4 Ba6 14. cxd5 Bxf1 15. Qxf1 Nxd5 16. Nxd5 exd5 17. Be3 Qd7 18. Rd1 Rfd8 19. Qa6 Rac8 20. h3 h5 21. Rd3 Rc4 22. b3 Rc2 23. h4 Kh7 24. Bf4 Re8 25. Bf1 Re1 26. Kg2 Ra1 27. Rf3 Raxa2 28. Qd3 Qe6 29. Qd1 Qe4 30. Be3 Rc3 31. Kg1 f5 32. Bg2 Qc2 33. Qxc2 Raxc2 34. Rf4 Bh6 35. Bxd5 Bxf4 36. Bxf4 Rd3 37. Be3 b5 38. Be6 a5 39. Bd7 Rxb3 40. d5 Rd3 41. Bxb5 Rxd5 42. Be8 Re5 43. Bd7 Rxe3 44. fxe3 Re2 45. Kf1 Rxe3 46. Kf2 Ra3 0-1

[Event "World Schools U17"]
[Site "Vrnjacka Banja"]
[Date "2025.03.23"]
[Round "4"]
[White "Adilbekuly, Altair"]
[Black "Kazhmuratov, Altair"]
[Result "0-1"]
[WhiteElo "1628"]
[BlackElo "1971"]
[PlyCount "56"]
[EventDate "2025.03.20"]
[EventType "swiss"]
[EventRounds "9"]
[EventCountry "SRB"]
[SourceTitle "CB14_2025"]
[SourceDate "2024.11.01"]
[SourceVersion "1"]
[SourceVersionDate "2024.11.01"]
[SourceQuality "1"]

1. e4 Nc6 2. Nf3 e5 3. Bb5 a6 4. Ba4 d6 5. h3 Nf6 6. d3 g6 7. 0-0 b5 8. Bb3 Na5 9. c3 Nxb3 10. Qxb3 Bg7 11. Be3 0-0 12. Nbd2 Re8 13. Rfe1 d5 14. Bg5 Bb7 15. a4 Bc6 16. axb5 axb5 17. Qc2 h6 18. Bh4 Rxa1 19. Rxa1 g5 20. Bg3 Nh5 21. Nf1 Nf4 22. Ra6 Re6 23. Ne3 dxe4 24. dxe4 Bxe4 25. Qxe4 Rxa6 26. h4 Qd3 27. Qb7 Ra1+ 28. Kh2 Qb1 0-1

[Event "Wch U14 blitz"]
[Site "Terme Catez"]
[Date "2024.12.16"]
[Round "9"]
[White "Kazhmuratov, Altair"]
[Black "Haug, Havard"]
[Result "0-1"]
[WhiteElo "2019"]
[BlackElo "2421"]
[PlyCount "136"]
[EventDate "2024.12.16"]
[EventType "swiss (blitz)"]
[EventRounds "22"]
[EventCountry "SLO"]
[SourceTitle "CB51_2024"]
[SourceDate "2024.12.18"]
[SourceVersion "1"]
[SourceVersionDate "2024.12.18"]
[SourceQuality "1"]

1. Nf3 d5 2. g3 Bg4 3. Bg2 Nd7 4. 0-0 e6 5. d3 Ngf6 6. Nbd2 c6 7. c4 Bd6 8. b3 0-0 9. Bb2 Qe7 10. Rc1 Ba3 11. Qc2 Bxb2 12. Qxb2 Bxf3 13. exf3 a5 14. d4 Rfd8 15. Rfe1 Nf8 16. f4 a4 17. c5 axb3 18. axb3 N6d7 19. b4 Rdb8 20. b5 Ra5 21. b6 Rba8 22. Ra1 Qd8 23. Nb3 Rb5 24. Qc3 Rxa1 25. Rxa1 Nxb6 26. cxb6 Qxb6 27. Nd2 g6 28. h4 h5 29. Nf3 Nd7 30. Ne5 Nf6 31. Ra8+ Kg7 32. Qa3 c5 33. dxc5 Qxc5 34. Qxc5 Rxc5 35. Rb8 Rc7 36. Bf1 Ne4 37. Bd3 Nc5 38. Bb5 Ne4 39. Nd3 Nc3 40. Be8 f6 41. Kg2 Ne4 42. Bb5 Nc3 43. Be8 Ne4 44. Ba4 Nd6 45. Rd8 Nc4 46. Bb5 Kf7 47. Rd7+ Rxd7 48. Bxd7 Ke7 49. Bc8 Nd6 50. Bxe6 Kxe6 51. Nc5+ Ke7 52. Kf3 b6 53. Nb3 f5 54. Ke3 Ne4 55. Nd4 Kd6 56. Ne2 Kc5 57. f3 Nd6 58. Kd3 Nb5 59. Nc1 Kb4 60. Na2+ Kc5 61. g4 Nd6 62. Nc3 b5 63. Ne2 fxg4 64. fxg4 hxg4 65. Ng3 b4 66. f5 gxf5 67. h5 f4 68. h6 fxg3 0-1

[Event "Wch U14 blitz"]
[Site "Terme Catez"]
[Date "2024.12.16"]
[Round "3"]
[White "Kazhmuratov, Altair"]
[Black "Sydykov, Bayastan"]
[Result "0-1"]
[WhiteElo "2019"]
[BlackElo "2273"]
[PlyCount "122"]
[EventDate "2024.12.16"]
[EventType "swiss (blitz)"]
[EventRounds "22"]
[EventCountry "SLO"]
[SourceTitle "CB51_2024"]
[SourceDate "2024.12.18"]
[SourceVersion "1"]
[SourceVersionDate "2024.12.18"]
[SourceQuality "1"]

1. c4 e5 2. Nc3 Nf6 3. g3 Bb4 4. Bg2 0-0 5. e4 d6 6. Nge2 Be6 7. d3 c6 8. 0-0 d5 9. cxd5 cxd5 10. Bg5 d4 11. Nd5 Bxd5 12. exd5 h6 13. Bxf6 Qxf6 14. Qb3 Na6 15. a3 Bd6 16. Qxb7 Nc5 17. Qb5 Rab8 18. Qc4 Rxb2 19. Rae1 Nb3 20. f4 exf4 21. Nxf4 Nd2 22. Qc1 Nxf1 23. Qxb2 Ne3 24. Qf2 Bxa3 25. h3 Bd6 26. Re2 Rb8 27. Kh2 Rb1 28. Rxe3 dxe3 29. Qxe3 g6 30. Ne2 a6 31. Nf4 Qe5 32. Qf2 g5 33. Nh5 Qe1 34. Nf6+ Kf8 35. Qxe1 Rxe1 36. Ne4 Be5 37. d6 Ke8 38. h4 gxh4 39. Bh3 hxg3+ 40. Kg2 Rd1 41. d7+ Kd8 42. Nc5 Bf6 43. Kxg3 a5 44. Kf4 Kc7 45. Bg4 Rf1+ 46. Ke4 Be7 47. Nb3 a4 48. Nd4 Re1+ 49. Kd5 Rg1 50. Bf5 Rg5 51. Ke4 Bf6 52. Nb5+ Kc6 53. Na7+ Kb6 54. Nc8+ Kc7 55. d4 a3 56. Na7 a2 57. Nb5+ Kd8 58. Nd6 a1Q 59. Nxf7+ Kc7 60. Nxg5 Qxd4+ 61. Kf3 hxg5 0-1

[Event "Wch U14 rapid"]
[Site "Terme Catez"]
[Date "2024.12.15"]
[Round "6"]
[White "Negrean, Andrei"]
[Black "Kazhmuratov, Altair"]
[Result "1/2-1/2"]
[WhiteElo "2130"]
[BlackElo "2038"]
[PlyCount "275"]
[EventDate "2024.12.14"]
[EventType "swiss (rapid)"]
[EventRounds "11"]
[EventCountry "SLO"]
[SourceTitle "CB51_2024"]
[SourceDate "2024.12.18"]
[SourceVersion "1"]
[SourceVersionDate "2024.12.18"]
[SourceQuality "1"]

1. Nf3 Nf6 2. g3 b5 3. Bg2 Bb7 4. 0-0 e6 5. d4 Be7 6. Bg5 0-0 7. Qd3 a6 8. Nbd2 d5 9. Bxf6 Bxf6 10. Nb3 Nd7 11. Na5 Rb8 12. b4 Nb6 13. c3 Re8 14. Rad1 Nc4 15. Nxc4 dxc4 16. Qc2 Qd5 17. Ne1 Qh5 18. Bxb7 Rxb7 19. Nf3 a5 20. a3 Qf5 21. Qb2 Ra8 22. Ra1 Rba7 23. Rfd1 h5 24. h4 Qe4 25. Kf1 g6 26. Ke1 Kg7 27. Rdc1 e5 28. dxe5 Bxe5 29. Nxe5 Qxe5 30. Kf1 Qe4 31. Kg1 axb4 32. axb4 Rxa1 33. Rxa1 Rxa1+ 34. Qxa1 Qxe2 35. Qc1 Qd3 36. Qe1 Qd5 37. Qe3 Kh7 38. Kh2 c6 39. Qf4 Qf5 40. Qe3 Qd3 41. Qe5 Qf5 42. Qe3 Qd5 43. Kg1 Kg7 44. Kh2 Kf6 45. Kg1 Qe5 46. Qf3+ Kg7 47. Kh2 Qd5 48. Qe3 Kf6 49. Qf4+ Ke6 50. Qe3+ Qe5 51. Qd2 Qe4 52. Qd8 Qd5 53. Qe8+ Kf5 54. Qe3 Qd3 55. Qc5+ Qd5 56. Qe3 Kf6 57. Kg1 Kg7 58. Kh2 Qe6 59. Qd4+ Kh7 60. Qf4 Qd5 61. Qe3 Kg7 62. Qf4 Kh7 63. Qe3 Qe6 64. Qd4 f6 65. Qa7+ Kh6 66. Qb8 g5 67. Qh8+ Kg6 68. hxg5 fxg5 69. Qd4 Qd5 70. Qe3 Kf5 71. Qe8 h4 72. gxh4 gxh4 73. Qh5+ Ke4 74. Qxh4+ Kd3 75. Qf6 c5 76. bxc5 Qxc5 77. Kg2 Qd5+ 78. Kg1 Qh5 79. Qd4+ Kc2 80. f4 Qf3 81. Kh2 Qe2+ 82. Kg1 Qe1+ 83. Kg2 Qxc3 84. Qxc3+ Kxc3 85. f5 b4 86. f6 b3 87. f7 b2 88. f8Q b1Q 89. Kh3 Qd3+ 90. Kh4 Qe4+ 91. Kh5 Kd3 92. Qd6+ Ke2 93. Qh2+ Ke3 94. Qg1+ Kd2 95. Qg5+ Kc2 96. Kh6 c3 97. Kg7 Kd3 98. Qg3+ Qe3 99. Qg6+ Kd2 100. Qd6+ Kc1 101. Qa3+ Kd2 102. Qd6+ Ke1 103. Qb4 Qg3+ 104. Kh8 Qh2+ 105. Kg7 Qd2 106. Qe4+ Kf2 107. Qf5+ Ke3 108. Qe5+ Kd3 109. Qd5+ Kc2 110. Qa2+ Kd1 111. Qb1+ Ke2 112. Qe4+ Qe3 113. Qc2+ Kf3 114. Qf5+ Kg2 115. Qc2+ Kg3 116. Kh8 Qd4+ 117. Kg8 Qg4+ 118. Kh7 Qh5+ 119. Kg8 Qg5+ 120. Kh8 Qh6+ 121. Kg8 Qd2 122. Qg6+ Kh4 123. Qe4+ Kg3 124. Qg6+ Kf2 125. Qf5+ Ke2 126. Qe4+ Kf1 127. Qh1+ Kf2 128. Qh2+ Ke3 129. Qe5+ Kd3 130. Qd5+ Ke3 131. Qe5+ Kf3 132. Qf5+ Kg2 133. Qg6+ Kh1 134. Qb1+ Kh2 135. Qh7+ Kg3 136. Qg6+ Kh3 137. Qh5+ Kg3 138. Qg6+ 1/2-1/2

[Event "Wch U14 rapid"]
[Site "Terme Catez"]
[Date "2024.12.15"]
[Round "10"]
[White "Rosol, Philip"]
[Black "Kazhmuratov, Altair"]
[Result "1/2-1/2"]
[WhiteElo "2070"]
[BlackElo "2038"]
[PlyCount "112"]
[EventDate "2024.12.14"]
[EventType "swiss (rapid)"]
[EventRounds "11"]
[EventCountry "SLO"]
[SourceTitle "CB51_2024"]
[SourceDate "2024.12.18"]
[SourceVersion "1"]
[SourceVersionDate "2024.12.18"]
[SourceQuality "1"]

1. d4 d6 2. c4 e5 3. Nf3 Nc6 4. Nc3 Bg4 5. d5 Bxf3 6. gxf3 Nce7 7. f4 exf4 8. Bxf4 Ng6 9. Bg3 Be7 10. Qb3 b6 11. e3 h5 12. h3 Nf6 13. Bd3 Rh6 14. Nb5 Nd7 15. Nd4 Nc5 16. Qc2 Nxd3+ 17. Qxd3 Ne5 18. Qc2 Kf8 19. Bxe5 dxe5 20. Nc6 Qd6 21. 0-0-0 Bf6 22. Kb1 a6 23. Rhf1 Re8 24. Qa4 a5 25. f3 Bg5 26. f4 exf4 27. exf4 Bh4 28. Nd4 Rf6 29. Qc2 g6 30. f5 g5 31. Nf3 Qg3 32. Nxh4 Qxh4 33. Qc3 Kg7 34. d6 cxd6 35. Rxd6 g4 36. hxg4 hxg4 37. Rg1 Re4 38. Rxb6 Rf4 39. Rxf6 Qxf6 40. Qxa5 Kh6 41. Qc3 Qxc3 42. bxc3 Rxc4 43. Kc2 Kg5 44. Kd3 Ra4 45. Rg2 Kxf5 46. c4 g3 47. c5 Kg4 48. c6 f5 49. c7 Ra8 50. Rc2 Rc8 51. Ke2 f4 52. Rc4 Re8+ 53. Kf1 Rc8 54. Kg2 Kf5 55. Kf3 Ke5 56. a4 Kd6 1/2-1/2

[Event "Wch U14 rapid"]
[Site "Terme Catez"]
[Date "2024.12.15"]
[Round "8"]
[White "Sava, Robert Gabriel"]
[Black "Kazhmuratov, Altair"]
[Result "0-1"]
[WhiteElo "2138"]
[BlackElo "2038"]
[PlyCount "96"]
[EventDate "2024.12.14"]
[EventType "swiss (rapid)"]
[EventRounds "11"]
[EventCountry "SLO"]
[SourceTitle "CB51_2024"]
[SourceDate "2024.12.18"]
[SourceVersion "1"]
[SourceVersionDate "2024.12.18"]
[SourceQuality "1"]

1. Nf3 g6 2. g3 Bg7 3. Bg2 e5 4. d3 Ne7 5. 0-0 d5 6. Nbd2 0-0 7. e4 c5 8. exd5 Nxd5 9. Re1 Nc6 10. a4 Ndb4 11. Nc4 Re8 12. Bg5 f6 13. Be3 Bf8 14. Nfd2 Be6 15. a5 f5 16. Kh1 Rc8 17. Kg1 h6 18. f4 Bd5 19. Bxd5+ Qxd5 20. fxe5 Nxe5 21. Nxe5 Rxe5 22. Nc4 Re6 23. Qd2 Rce8 24. Bf2 Kh7 25. Rxe6 Rxe6 26. Re1 Rxe1+ 27. Bxe1 h5 28. Qe2 Nc6 29. Bf2 Bg7 30. c3 Ne5 31. Nxe5 Bxe5 32. Qe3 b6 33. a6 Kg7 34. Qe2 Kf7 35. Qe3 Bf6 36. d4 cxd4 37. cxd4 Qb5 38. Qc3 Qxa6 39. Qc7+ Be7 40. d5 Qa1+ 41. Kg2 Qd1 42. Qc4 Kg7 43. Bd4+ Kh6 44. Bc3 Bc5 45. Qf4+ g5 46. Bg7+ Kg6 47. Qc4 Qg1+ 48. Kh3 g4+ 0-1

[Event "Asia-ch U14"]
[Site "Almaty"]
[Date "2024.06.15"]
[Round "5"]
[White "Kazhmuratov, Altair"]
[Black "Bogdanov, Artyom"]
[Result "0-1"]
[WhiteElo "1890"]
[BlackElo "2265"]
[PlyCount "124"]
[EventDate "2024.06.12"]
[EventType "swiss"]
[EventRounds "9"]
[EventCountry "KAZ"]
[SourceTitle "EXT 2025"]
[Source "ChessBase"]
[SourceDate "2024.10.14"]
[SourceVersion "1"]
[SourceVersionDate "2024.10.14"]
[SourceQuality "1"]
[WhiteTeam "KAZ"]
[BlackTeam "KAZ"]

1. d4 Nf6 2. c4 e6 3. g3 d5 4. Nf3 Nc6 5. Bg2 Bd6 6. 0-0 0-0 7. Nc3 dxc4 8. Qa4 e5 9. dxe5 Nxe5 10. Nxe5 Bxe5 11. Rd1 Qe7 12. Qxc4 c6 13. Be3 Be6 14. Qa4 Bxc3 15. bxc3 Bd5 16. Qb4 Qxb4 17. cxb4 Rfe8 18. a3 a5 19. Bf1 Bc4 20. Rac1 Bb5 21. Rd2 axb4 22. axb4 Ra4 23. Bc5 Rea8 24. f3 Nd5 25. e4 Nxb4 26. Bxb5 cxb5 27. Bxb4 Rxb4 28. Rc7 h5 29. Kg2 b6 30. Kh3 g5 31. Rd5 g4+ 32. fxg4 hxg4+ 33. Kxg4 Rxe4+ 34. Kf5 Rc4 35. Rb7 Ra2 36. Rxb6 Rxh2 37. Rbxb5 Kg7 38. Ke5 Rh6 39. Rbc5 Rg4 40. Kf5 Rhg6 41. Ke5 Rxg3 42. Kf4 R6g4+ 43. Kf5 Rh4 44. Ra5 Rg6 45. Rac5 Rhg4 46. Ke5 R6g5+ 47. Kd6 Rxd5+ 48. Rxd5 Re4 49. Rd1 f5 50. Kd5 Kf6 51. Rf1 Ra4 52. Rg1 f4 53. Rg8 Kf5 54. Rg7 f3 55. Rh7 Kg4 56. Rf7 Kg3 57. Rg7+ Kf2 58. Rf7 Ke2 59. Re7+ Kf1 60. Rf7 f2 61. Rg7 Ke2 62. Re7+ Kf3 0-1

[Event "Asian Continental op 20th"]
[Site "Almaty"]
[Date "2023.06.11"]
[Round "9"]
[White "Kazhmuratov, Altair"]
[Black "Moldagali, Beksultan"]
[Result "0-1"]
[WhiteElo "1596"]
[BlackElo "2106"]
[PlyCount "86"]
[EventDate "2023.06.04"]
[EventType "swiss"]
[EventRounds "9"]
[EventCountry "KAZ"]
[SourceTitle "CBM 214 Extra"]
[Source "ChessBase"]
[SourceDate "2023.07.31"]
[SourceVersion "1"]
[SourceVersionDate "2023.07.31"]
[SourceQuality "1"]

1. d4 d5 2. c4 e6 3. Nf3 Nf6 4. cxd5 exd5 5. Nc3 c6 6. Bg5 h6 7. Bh4 Bf5 8. e3 Nbd7 9. Bd3 Bxd3 10. Qxd3 Be7 11. 0-0 0-0 12. Rab1 a5 13. a3 Re8 14. Bg3 Bf8 15. Qc2 Ra6 16. b4 axb4 17. axb4 b5 18. Ne2 Ne4 19. Nc1 Qa8 20. Nd3 Nb6 21. Nfe5 Nc4 22. Nxc4 dxc4 23. Ne5 Nf6 24. Qf5 Qc8 25. Qf3 Qe6 26. e4 Ra4 27. Rfd1 Rd8 28. Bh4 Be7 29. Qe3 Rxb4 30. f4 Rxb1 31. Rxb1 Ng4 32. Nxg4 Bxh4 33. f5 Qe7 34. e5 Bg5 35. Qe4 Qd7 36. Rd1 Qd5 37. Qe1 c5 38. h4 Bf4 39. Qf2 Qe4 40. g3 Bg5 41. Nf6+ Bxf6 42. exf6 c3 43. Kh2 Rxd4 0-1

[Event "Asian Continental op 20th"]
[Site "Almaty"]
[Date "2023.06.10"]
[Round "8"]
[White "Baasansuren, Erdene"]
[Black "Kazhmuratov, Altair"]
[Result "1-0"]
[WhiteElo "2264"]
[BlackElo "1596"]
[PlyCount "67"]
[EventDate "2023.06.04"]
[EventType "swiss"]
[EventRounds "9"]
[EventCountry "KAZ"]
[SourceTitle "CBM 214 Extra"]
[Source "ChessBase"]
[SourceDate "2023.07.31"]
[SourceVersion "1"]
[SourceVersionDate "2023.07.31"]
[SourceQuality "1"]

1. d4 d6 2. Nf3 Nd7 3. c4 e5 4. Nc3 Ngf6 5. e4 c6 6. Be2 g6 7. 0-0 Bg7 8. Re1 0-0 9. Bf1 Qc7 10. h3 Re8 11. Be3 exd4 12. Bxd4 Ne5 13. c5 Nxf3+ 14. Qxf3 Nd7 15. Bxg7 Kxg7 16. cxd6 Qxd6 17. Rad1 Qf6 18. Qg3 Nc5 19. e5 Qe7 20. b4 Ne6 21. Ne4 Qxb4 22. Nd6 Rg8 23. Re4 Qa5 24. Qh4 g5 25. Qh5 Qc7 26. h4 Kf8 27. Qxh7 Ng7 28. hxg5 Qe7 29. Rf4 Be6 30. g6 Rd8 31. gxf7 Bxf7 32. Rxf7+ Qxf7 33. Nxf7 Rxd1 34. Nh6 1-0

[Event "Wch U12"]
[Site "Batumi"]
[Date "2022.09.21"]
[Round "6"]
[White "Taragan, Uri"]
[Black "Kazhmuratov, Altair"]
[Result "0-1"]
[WhiteElo "1848"]
[BlackElo "1501"]
[PlyCount "124"]
[EventDate "2022.09.16"]
[EventType "swiss"]
[EventRounds "11"]
[EventCountry "GEO"]
[SourceTitle "EXT 2023"]
[Source "ChessBase"]
[SourceDate "2022.10.05"]
[SourceVersion "1"]
[SourceVersionDate "2022.10.05"]
[SourceQuality "1"]

1. d4 Nf6 2. c4 e6 3. Nc3 d5 4. cxd5 exd5 5. Bg5 c6 6. e3 Be7 7. Bd3 0-0 8. Qc2 Nbd7 9. Nge2 Re8 10. 0-0 h6 11. Bh4 Nh5 12. Bxe7 Qxe7 13. Rae1 Nb6 14. Nc1 Be6 15. Nb3 Rad8 16. Nc5 Nc4 17. Qe2 g6 18. b3 Nd6 19. f3 b6 20. Nxe6 Qxe6 21. e4 Nf4 22. Qd2 Nxd3 23. Qxd3 dxe4 24. fxe4 c5 25. Nd5 Nxe4 26. Nf6+ Nxf6 27. Rxe6 Rxe6 28. d5 Nxd5 29. Qf3 Re7 30. Rd1 Red7 31. Qe4 Kh7 32. Qe5 Ne7 33. Rf1 Nc6 34. Qf6 Nd4 35. h4 h5 36. Re1 Nf5 37. Kh2 Kg8 38. Re2 Nh6 39. Qc6 Ng4+ 40. Kh3 Rd3+ 41. g3 Rd2 42. Qg2 Rxe2 43. Qxe2 Rd6 44. Kg2 Rf6 45. Qe7 Rf2+ 46. Kg1 Rxa2 47. Qe8+ Kg7 48. Qb8 Ra1+ 49. Kg2 Ra2+ 50. Kg1 Ra3 51. Kg2 Rxb3 52. Qxa7 Rb4 53. Qa1+ Kh7 54. Qa7 Kg7 55. Qa1+ Kh7 56. Qa7 Nh6 57. Kf3 c4 58. Qc7 b5 59. Ke4 c3+ 60. Kd5 Rc4 61. Qe7 c2 62. g4 c1Q 0-1

[Event "Wch U12"]
[Site "Batumi"]
[Date "2022.09.17"]
[Round "2"]
[White "Tregubenko, Nikolay"]
[Black "Kazhmuratov, Altair"]
[Result "1-0"]
[WhiteElo "1859"]
[BlackElo "1501"]
[PlyCount "68"]
[EventDate "2022.09.16"]
[EventType "swiss"]
[EventRounds "11"]
[EventCountry "GEO"]
[SourceTitle "EXT 2023"]
[Source "ChessBase"]
[SourceDate "2022.10.05"]
[SourceVersion "1"]
[SourceVersionDate "2022.10.05"]
[SourceQuality "1"]

1. e4 e5 2. Nf3 Nc6 3. d4 exd4 4. Nxd4 Nf6 5. Nxc6 bxc6 6. Nc3 Bb4 7. Bd3 d5 8. exd5 cxd5 9. 0-0 0-0 10. Bg5 Be6 11. Qf3 Re8 12. Bb5 Rf8 13. Bc6 Rb8 14. Bxf6 Qxf6 15. Qxf6 gxf6 16. Nxd5 Bxd5 17. Bxd5 Rfe8 18. Bc4 Bc5 19. b3 Bd4 20. Rad1 Rbd8 21. Rd3 Be5 22. Rfd1 Bd6 23. R3d2 Re5 24. Re2 Rde8 25. Rxe5 fxe5 26. Rd5 Re7 27. Bb5 Kg7 28. Kf1 f5 29. Bc6 Bb4 30. f3 Kf6 31. Rd7 Rxd7 32. Bxd7 e4 33. f4 Bd2 34. g3 c5 1-0